000 00834nas a2200277 4500
001 BR0602735
003 BR-BrBNA
005 20231205110052.0
007 ta
008 230509b bl.|||p| |||| 00| 00por d
040 _aBR-BrBNA
_bpor
_cBiblioteca Nacional de Agricultura
041 _a(Pt)
072 _aL70; L74
100 1 _aCarvalho, C.A.
100 1 _aFernandes, B.C.T.M.
100 1 _aFreire, R.B.
245 1 _aSupressão da resposta imunitária humoral causada pela citrinima
650 _aCAMUNDONGO
650 _aMICOTOXINA
650 _aINTOXICAÇÃO
650 _aANTICORPO
650 _aVACINA
773 0 _tArquivo Brasileiro de Medicina Veterinária e Zootecnia (Brazil)
_xISSN 0102-0935
_g(Apr 2005), v. 57(2) p. 171-176
_wBR0602735
909 _a202311
_bLúcia
_c55
_dLúcia Elande
942 _2AGRIS
_n0
_cANA
999 _c186071
_d186071